00447nam a2200145Ia 4500082002300000100002100023245005700044260003800101300001500139650002500154650003000179650002900209650002800238650003500266 a307.14160954 BHA-; aBhattacharya, B. 0aUrban development in India: since prehistoric times aNew DelhibShree Publishingc1979 avii, 360p. aUrban policy - India aCities and towns - Growth aSociology, Urban - India aIndia - Economic policy aUrbanization - India - History